000 00477ntaaa2200193 4500
003 01
005 20251027201354.0
008 0714s1973 ag 01
040 _aAR-BaBN
_bspa
_cAR-BaBN
_eaacr
_dRIC
082 _a225.1000 H79
100 _aHoskyns, Edwyn
245 _aThe Riddle of the New Testament
250 _a1 ed. :
_bFaber Faber,
_cc1931
300 _a238 p.
650 _aBiblia-Nuevo Testamento
650 _aN.T.-Crítica
700 _aDavey, Noel
942 _cBK
999 _c8223
_d8223